| 000 | 00398nam a2200145Ia 4500 | ||
|---|---|---|---|
| 008 | 210210b1986 xxu||||| |||| 00| 0 eng d | ||
| 082 | _a350 NAIE | ||
| 100 | _aNAIDU (S P) & Others. | ||
| 245 | _aElements of modern public administration. | ||
| 260 |
_aND _bS. Chand & Co. Ltd. _c1986 |
||
| 300 | _aviii,307 | ||
| 650 | _aPublic administration | ||
| 690 | _aPublic Administration | ||
| 906 | _a045045 | ||
| 999 |
_c94647 _d94647 |
||